Jak uplatňovat leadership

Nástrojom vedúcich sú predpísané smernice a postupy a ich kontrola. Nástrojom vodcov sú sociálne a komunikačné schopnosti, ktorými dokážu zaujať, inšpirovať a viesť ostatných. Princípy vodcovstva. Manažéri majú byť zodpovední za ich dodržiavanie, čo má byť jedným z kritérií ich hodnotenia.

Salvato in:
Dettagli Bibliografici
Autore principale: Urban, Jan
Natura: Capitolo di libro
Lingua:ceco
Soggetti:
Tags: Aggiungi Tag
Nessun Tag, puoi essere il primo ad aggiungerne!!

MARC

LEADER 00000naa$a2200000$$$4500
001 0058289
005 20231019113927.7
041 0 |a cze 
044 |a CZ 
245 1 0 |a Jak uplatňovat leadership  |c Jan Urban 
520 |a Nástrojom vedúcich sú predpísané smernice a postupy a ich kontrola. Nástrojom vodcov sú sociálne a komunikačné schopnosti, ktorými dokážu zaujať, inšpirovať a viesť ostatných. Princípy vodcovstva. Manažéri majú byť zodpovední za ich dodržiavanie, čo má byť jedným z kritérií ich hodnotenia. 
610 2 0 |a podnik 
610 2 0 |a vodcovstvo 
610 2 0 |a manažéri 
100 1 |a Urban, Jan